[Event "GER-chT U16"]
[Site "Darmstadt"]
[Date "2022.12.29"]
[Round "5"]
[White "Kort, Felix"]
[Black "Kluehs, Gustaf"]
[Result "1/2-1/2"]
[WhiteElo "1932"]
[BlackElo "1858"]
[PlyCount "59"]
[EventDate "2022.12.26"]
[EventType "team-swiss"]
[EventRounds "7"]
[EventCountry "GER"]
[SourceTitle "CBM 212 Extra"]
[Source "ChessBase"]
[SourceDate "2023.03.31"]
[SourceVersion "1"]
[SourceVersionDate "2023.03.31"]
[SourceQuality "1"]
[WhiteTeam "Hamburger SK"]
[BlackTeam "Lichtenberg Borussia"]
[WhiteTeamCountry "GER"]
[BlackTeamCountry "GER"]

1. d4 Nf6 2. c4 e6 3. Nc3 Bb4 4. Qc2 c5 5. dxc5 Na6 6. Bd2 Nxc5 7. a3 Bxc3 8. Bxc3 0-0 9. Nf3 Nce4 10. e3 b6 11. Bd3 Nxc3 12. Qxc3 Bb7 13. 0-0 Rc8 14. Qd2 Qc7 15. Nd4 Ng4 16. f4 a6 17. Rac1 f5 18. Be2 Nf6 19. Bf3 Rfd8 20. b4 Bxf3 21. Nxf3 Ne4 22. Qd3 Qd6 23. Qe2 Rc7 24. Rfd1 Qe7 25. Qd3 Rdc8 26. c5 a5 27. Qa6 axb4 28. axb4 bxc5 29. bxc5 Rc6 30. Qb7 1/2-1/2

[Event "GER-chT U16"]
[Site "Darmstadt"]
[Date "2022.12.28"]
[Round "4"]
[White "Kluehs, Gustaf"]
[Black "Rohm, Linus"]
[Result "1/2-1/2"]
[WhiteElo "1858"]
[BlackElo "1854"]
[PlyCount "82"]
[EventDate "2022.12.26"]
[EventType "team-swiss"]
[EventRounds "7"]
[EventCountry "GER"]
[SourceTitle "CBM 212 Extra"]
[Source "ChessBase"]
[SourceDate "2023.03.31"]
[SourceVersion "1"]
[SourceVersionDate "2023.03.31"]
[SourceQuality "1"]
[WhiteTeam "Lichtenberg Borussia"]
[BlackTeam "Paderborn Akademie"]
[WhiteTeamCountry "GER"]
[BlackTeamCountry "GER"]

1. e4 e6 2. d4 d5 3. Nd2 c5 4. exd5 Qxd5 5. Ngf3 cxd4 6. Bc4 Qd6 7. 0-0 Nf6 8. Nb3 Nc6 9. Nbxd4 Nxd4 10. Nxd4 Be7 11. Re1 0-0 12. c3 Bd7 13. Qe2 Qc7 14. Bg5 Rac8 15. Bb3 a5 16. a4 Qb6 17. Bc2 h6 18. Be3 Qc7 19. Qf3 Bc6 20. Qh3 Rfd8 21. Bxh6 Rd5 22. Nxc6 bxc6 23. Be3 Rh5 24. Qf3 Qxh2+ 25. Kf1 Nd5 26. Be4 Rb8 27. Rab1 Nxe3+ 28. Qxe3 Qc7 29. Bf3 Rh6 30. g3 Qb6 31. Kg2 Bc5 32. Qe2 Bxf2 33. Rh1 Rxh1 34. Rxh1 Be3 35. b4 axb4 36. cxb4 Bh6 37. Rb1 Rd8 38. Rb2 Bc1 39. Rc2 Qxb4 40. Bxc6 Rd2 41. Rxd2 Qxd2 1/2-1/2

[Event "GER-ch U14"]
[Site "Willingen"]
[Date "2021.08.28"]
[Round "8"]
[White "Kluehs, Gustaf"]
[Black "Honstein, Michael"]
[Result "1-0"]
[WhiteElo "1869"]
[BlackElo "1810"]
[PlyCount "101"]
[EventDate "2021.08.22"]
[EventType "swiss"]
[EventRounds "9"]
[EventCountry "GER"]
[SourceTitle "EXT 2022"]
[Source "ChessBase"]
[SourceDate "2021.10.06"]
[SourceVersion "1"]
[SourceVersionDate "2021.10.06"]
[SourceQuality "1"]

1. e4 c5 2. Nf3 Nc6 3. d4 cxd4 4. Nxd4 Nf6 5. Nc3 e5 6. Ndb5 d6 7. Bg5 a6 8. Na3 b5 9. Nd5 Be7 10. Bxf6 Bxf6 11. c4 b4 12. Nc2 Rb8 13. Be2 Bg5 14. 0-0 0-0 15. Qd3 Kh8 16. Rad1 g6 17. Bf3 a5 18. b3 Be6 19. Qe2 Rc8 20. Rd3 Qe8 21. Rfd1 f5 22. exf5 gxf5 23. Bh5 Bf7 24. Bxf7 Rxf7 25. Rh3 Rg7 26. Re1 Qf7 27. f3 Rcg8 28. Qd1 Rg6 29. Re2 Nd8 30. a3 bxa3 31. Nxa3 Ne6 32. Nb5 Nc5 33. Qc2 e4 34. Nd4 Bf6 35. Nxf5 Qe6 36. Ng3 Qe5 37. Qd1 Qd4+ 38. Qxd4 Bxd4+ 39. Kf1 exf3 40. gxf3 Rf8 41. Kg2 Nxb3 42. Re7 Rg7 43. Rxg7 Bxg7 44. Ne4 a4 45. f4 Rb8 46. Nxd6 a3 47. Ne7 Bf6 48. Rg3 h5 49. Nd5 Bg7 50. f5 Rf8 51. f6 1-0

[Event "GER-ch U14"]
[Site "Willingen"]
[Date "2021.08.24"]
[Round "3"]
[White "Metzdorf, Matteo"]
[Black "Kluehs, Gustaf"]
[Result "1/2-1/2"]
[WhiteElo "1859"]
[BlackElo "1869"]
[PlyCount "50"]
[EventDate "2021.08.22"]
[EventType "swiss"]
[EventRounds "9"]
[EventCountry "GER"]
[SourceTitle "EXT 2022"]
[Source "ChessBase"]
[SourceDate "2021.10.06"]
[SourceVersion "1"]
[SourceVersionDate "2021.10.06"]
[SourceQuality "1"]

1. e4 e6 2. d4 d5 3. Nc3 Nf6 4. e5 Nfd7 5. f4 c5 6. Nf3 Nc6 7. Be3 Rb8 8. Qd2 Qa5 9. dxc5 Bxc5 10. Bxc5 Nxc5 11. Nd4 0-0 12. Be2 Na4 13. Nxa4 Qxd2+ 14. Kxd2 Nxd4 15. Nc3 Nxe2 16. Nxe2 f6 17. Rhf1 Bd7 18. Nd4 fxe5 19. fxe5 Rbc8 20. Rf3 Rxf3 21. Nxf3 Rf8 22. Ke3 h6 23. h4 Kf7 24. Rf1 Ke7 25. Nd2 Rc8 1/2-1/2

[Event "GER-chT U14"]
[Site "Willingen"]
[Date "2021.06.27"]
[Round "7.2"]
[White "Kluehs, Gustaf"]
[Black "Fuhrmann, Bahne"]
[Result "1/2-1/2"]
[WhiteElo "1823"]
[BlackElo "1849"]
[PlyCount "66"]
[EventDate "2021.06.23"]
[EventType "team-swiss"]
[EventRounds "7"]
[EventCountry "GER"]
[SourceTitle "EXT 2022"]
[Source "ChessBase"]
[SourceDate "2021.10.06"]
[SourceVersion "1"]
[SourceVersionDate "2021.10.06"]
[SourceQuality "1"]
[WhiteTeam "Lichtenberg Borussia"]
[BlackTeam "Hamburger SK"]
[WhiteTeamCountry "GER"]
[BlackTeamCountry "GER"]

1. Nf3 Nf6 2. g3 d5 3. Bg2 Bf5 4. c4 c6 5. cxd5 cxd5 6. 0-0 Nc6 7. d3 Qd7 8. Bf4 h6 9. Ne5 Nxe5 10. Bxe5 e6 11. Bxf6 gxf6 12. e4 dxe4 13. dxe4 Qxd1 14. Rxd1 Bg4 15. f3 Bc5+ 16. Kf1 Bh5 17. Nc3 Ke7 18. Ke2 Bg6 19. Rd2 Rhd8 20. Rad1 Rxd2+ 21. Rxd2 Rd8 22. Rxd8 Kxd8 23. g4 f5 24. Kd3 fxe4+ 25. fxe4 a6 26. Ne2 Bd6 27. h3 Be5 28. b3 f6 29. Nd4 Bxd4 30. Kxd4 e5+ 31. Kc3 Kc7 32. b4 b6 33. a3 Kc6 1/2-1/2

[Event "GER-ch U14"]
[Site "Willingen"]
[Date "2020.10.23"]
[Round "6"]
[White "Kort, Felix"]
[Black "Kluehs, Gustaf"]
[Result "1/2-1/2"]
[WhiteElo "1823"]
[BlackElo "1827"]
[PlyCount "61"]
[EventDate "2020.10.19"]
[EventType "swiss"]
[EventRounds "7"]
[EventCountry "GER"]
[SourceTitle "EXT 2022"]
[Source "ChessBase"]
[SourceDate "2021.10.06"]
[SourceVersion "1"]
[SourceVersionDate "2021.10.06"]
[SourceQuality "1"]

1. d4 Nf6 2. c4 e5 3. dxe5 Ng4 4. Bf4 Nc6 5. Nf3 Bb4+ 6. Nbd2 Qe7 7. a3 Ngxe5 8. Nxe5 Nxe5 9. Qc2 Bxd2+ 10. Qxd2 d6 11. e3 0-0 12. Be2 Rd8 13. 0-0 Bd7 14. Rac1 Bc6 15. b4 b6 16. Rfd1 Ba4 17. Rf1 Bc6 18. Qc3 Ng6 19. Bg3 Nh4 20. c5 bxc5 21. bxc5 d5 22. Qe5 Qxe5 23. Bxe5 Rd7 24. Bg3 Ng6 25. Rfd1 Nf8 26. Rd2 f5 27. Bf3 Ne6 28. Rcd1 Rad8 29. Rc1 Kf7 30. h4 g6 31. Kf1 1/2-1/2

[Event "GER-chT Lands U20"]
[Site "Berlin"]
[Date "2020.10.03"]
[Round "6.5"]
[White "Grabs, Peter"]
[Black "Kluehs, Gustaf"]
[Result "1/2-1/2"]
[WhiteElo "1674"]
[BlackElo "1827"]
[PlyCount "70"]
[EventDate "2020.09.29"]
[EventType "team-swiss"]
[EventRounds "7"]
[EventCountry "GER"]
[SourceTitle "CBM 198 Extra"]
[Source "ChessBase"]
[SourceDate "2020.11.30"]
[SourceVersion "1"]
[SourceVersionDate "2020.11.30"]
[SourceQuality "1"]
[WhiteTeam "Brandenburg U20"]
[BlackTeam "Berlin U20"]
[WhiteTeamCountry "GER"]
[BlackTeamCountry "GER"]

1. e4 c5 2. Nf3 Nc6 3. Bb5 g6 4. 0-0 Bg7 5. Re1 e5 6. Nc3 Nge7 7. a3 0-0 8. Bc4 d6 9. h3 Nd4 10. d3 h6 11. Nd5 Be6 12. Nxd4 cxd4 13. Nxe7+ Qxe7 14. Bxe6 fxe6 15. Qg4 Kh7 16. Bd2 h5 17. Qg3 Bh6 18. Bxh6 Kxh6 19. Rf1 Rf4 20. f3 Rc8 21. Qf2 Qc7 22. Rac1 Rf7 23. Qd2+ Kg7 24. f4 Rcf8 25. fxe5 Rxf1+ 26. Rxf1 Rxf1+ 27. Kxf1 dxe5 28. Ke1 Qc5 29. Kd1 Qf8 30. Qe2 b5 31. Qf3 Qc5 32. g4 hxg4 33. Qxg4 Qe7 34. Qg3 Qf6 35. Ke2 a6 1/2-1/2

[Event "GER-chT Lands U20"]
[Site "Berlin"]
[Date "2020.10.02"]
[Round "5.3"]
[White "Kluehs, Gustaf"]
[Black "Bashylina, Luisa"]
[Result "1/2-1/2"]
[WhiteElo "1827"]
[BlackElo "2005"]
[PlyCount "63"]
[EventDate "2020.09.29"]
[EventType "team-swiss"]
[EventRounds "7"]
[EventCountry "GER"]
[SourceTitle "CBM 198 Extra"]
[Source "ChessBase"]
[SourceDate "2020.11.30"]
[SourceVersion "1"]
[SourceVersionDate "2020.11.30"]
[SourceQuality "1"]
[WhiteTeam "Berlin U20"]
[BlackTeam "Nordrhein Westfalen U20"]
[WhiteTeamCountry "GER"]
[BlackTeamCountry "GER"]

1. Nf3 Nf6 2. g3 d5 3. Bg2 Bf5 4. b3 h6 5. Ba3 Nbd7 6. c4 e6 7. Bxf8 Nxf8 8. 0-0 N8d7 9. Nc3 c6 10. cxd5 exd5 11. d3 0-0 12. b4 Nb6 13. Na4 Re8 14. Nc5 Qe7 15. e3 Nc8 16. Qd2 Nd6 17. Nd4 Bh7 18. Rfc1 Nd7 19. Nxd7 Qxd7 20. Rab1 Rac8 21. Rb3 Rc7 22. Rbc3 Rec8 23. h4 a6 24. Kh2 Nb5 25. Nxb5 axb5 26. d4 Ra8 27. Bf1 Rcc8 28. a3 Re8 29. Bd3 Ra4 30. Bxh7+ Kxh7 31. Qd3+ Kg8 32. Rb3 1/2-1/2

[Event "GER-chT Lands U20"]
[Site "Berlin"]
[Date "2020.10.02"]
[Round "4.4"]
[White "Poetsch, Leonore"]
[Black "Kluehs, Gustaf"]
[Result "1/2-1/2"]
[WhiteElo "1984"]
[BlackElo "1827"]
[PlyCount "90"]
[EventDate "2020.09.29"]
[EventType "team-swiss"]
[EventRounds "7"]
[EventCountry "GER"]
[SourceTitle "CBM 198 Extra"]
[Source "ChessBase"]
[SourceDate "2020.11.30"]
[SourceVersion "1"]
[SourceVersionDate "2020.11.30"]
[SourceQuality "1"]
[WhiteTeam "Hessen U20"]
[BlackTeam "Berlin U20"]
[WhiteTeamCountry "GER"]
[BlackTeamCountry "GER"]

1. e4 e6 2. d4 d5 3. exd5 exd5 4. Bd3 Nc6 5. c3 Bd6 6. Ne2 Nge7 7. Bf4 Bg4 8. Bxd6 Qxd6 9. Qc2 0-0-0 10. Nd2 h5 11. f3 Be6 12. 0-0-0 g6 13. Nb3 b6 14. Kb1 Bf5 15. Nbc1 Na5 16. Qa4 Qd7 17. Qxd7+ Kxd7 18. b3 c6 19. Ng3 Be6 20. Rhe1 Nb7 21. Re2 Nd6 22. Bc2 h4 23. Nf1 Nef5 24. Nd3 f6 25. Nf4 Bf7 26. Ne3 Nxe3 27. Rxe3 g5 28. Nd3 Rde8 29. Rde1 Rxe3 30. Rxe3 Re8 31. Rxe8 Kxe8 32. Kc1 Bg6 33. Kd2 Bxd3 34. Bxd3 Ke7 35. g3 hxg3 36. hxg3 Ke6 37. g4 Ne8 38. a4 Kd6 39. b4 a5 40. Ke3 Nc7 41. f4 Ne6 42. fxg5 fxg5 43. bxa5 bxa5 44. c4 Nf4 45. c5+ Kd7 1/2-1/2

[Event "GER-chT U16"]
[Site "Magdeburg"]
[Date "2019.12.27"]
[Round "2.10"]
[White "Pikalow, Michael"]
[Black "Kluehs, Gustaf"]
[Result "0-1"]
[WhiteElo "1849"]
[BlackElo "1865"]
[PlyCount "82"]
[EventDate "2019.12.27"]
[EventType "team-swiss"]
[EventRounds "7"]
[EventCountry "GER"]
[SourceTitle "CBM 194 Extra"]
[Source "ChessBase"]
[SourceDate "2020.03.31"]
[SourceVersion "1"]
[SourceVersionDate "2020.03.31"]
[SourceQuality "1"]
[WhiteTeam "Magdeburg USC"]
[BlackTeam "Lichtenberg Borussia"]
[WhiteTeamCountry "GER"]
[BlackTeamCountry "GER"]

1. e4 c5 2. Nf3 Nc6 3. Nc3 e5 4. Bc4 g6 5. 0-0 Bg7 6. d3 h6 7. Be3 d6 8. h3 Nge7 9. Qd2 Nd4 10. Nh2 g5 11. Nd5 Ng6 12. c3 Ne6 13. Bb5+ Bd7 14. Bxd7+ Qxd7 15. Ng4 Qd8 16. g3 Nc7 17. Nxc7+ Qxc7 18. a4 Qc8 19. Kg2 h5 20. Nh2 Nf4+ 21. Bxf4 gxf4 22. Nf3 Bh6 23. Qd1 Rg8 24. Nh4 fxg3 25. fxg3 Qe6 26. Qxh5 Bf4 27. Rf3 Qb3 28. Raf1 0-0-0 29. R1f2 Rg5 30. Qh7 Rdg8 31. Nf5 Kb8 32. Kh2 Qd1 33. Qxf7 Rh8 34. h4 Rxf5 35. Qe7 Bxg3+ 36. Kg2 Rxf3 37. Rxf3 Bf4 38. Qxd6+ Ka8 39. Qg6 Qb3 40. Kh3 Rg8 41. Qh7 Qe6+ 0-1

[Event "EU-ch U12"]
[Site "Bratislava"]
[Date "2019.08.02"]
[Round "1"]
[White "Lazic, Emanuel"]
[Black "Kluehs, Gustaf"]
[Result "0-1"]
[WhiteElo "1449"]
[BlackElo "1870"]
[PlyCount "134"]
[EventDate "2019.08.02"]
[EventType "swiss"]
[EventRounds "9"]
[EventCountry "SVK"]
[SourceTitle "EXT 2020"]
[Source "ChessBase"]
[SourceDate "2019.10.17"]
[SourceVersion "1"]
[SourceVersionDate "2019.10.17"]
[SourceQuality "1"]

1. e4 c5 2. Nf3 Nc6 3. d4 cxd4 4. Nxd4 g6 5. c4 Bg7 6. Be3 Nf6 7. Nc3 Ng4 8. Qxg4 Nxd4 9. Qd1 Ne6 10. Rc1 d6 11. Be2 0-0 12. 0-0 Bd7 13. f3 Bc6 14. Qd2 Rc8 15. Rfd1 b6 16. Nd5 Bb7 17. b3 Nc5 18. Bh6 Bxh6 19. Qxh6 Qe8 20. Qd2 Bxd5 21. cxd5 Qd7 22. Rc2 b5 23. Rdc1 a6 24. b4 Na4 25. Rc6 Qa7+ 26. Kf1 Rxc6 27. Rxc6 Re8 28. f4 e5 29. Rxd6 exf4 30. Bf3 Qc7 31. Rc6 Qe5 32. d6 Rd8 33. Rxa6 Nb2 34. Be2 Nc4 35. Bxc4 bxc4 36. Rc6 Qxe4 37. Rc5 f3 38. gxf3 Qxf3+ 39. Kg1 Qg4+ 40. Kf2 Qh4+ 41. Kg2 Qf6 42. d7 Qe6 43. Rc8 Rxc8 44. d8Q+ Rxd8 45. Qxd8+ Kg7 46. Qd4+ f6 47. b5 Qe2+ 48. Qf2 Qe4+ 49. Qf3 Qb1 50. Qb7+ Kh6 51. Qc6 Qxa2+ 52. Kg3 Qb3+ 53. Kg2 Qb2+ 54. Kg3 Qe5+ 55. Kg2 c3 56. b6 Qe2+ 57. Kg3 c2 58. b7 Qe3+ 59. Kg2 c1Q 60. Qxc1 Qxc1 61. b8Q Qd2+ 62. Kg3 Qe3+ 63. Kg2 Qe2+ 64. Kg3 Qe5+ 65. Qxe5 fxe5 66. Kf3 Kg5 67. Ke4 Kf6 0-1

[Event "GER-ch U12"]
[Site "Willingen"]
[Date "2019.06.14"]
[Round "8"]
[White "Bakiev, Diyor"]
[Black "Kluehs, Gustaf"]
[Result "1/2-1/2"]
[WhiteElo "2123"]
[BlackElo "1705"]
[PlyCount "55"]
[EventDate "2019.06.08"]
[EventType "swiss"]
[EventRounds "9"]
[EventCountry "GER"]
[SourceTitle "CBM 191 Extra"]
[Source "ChessBase"]
[SourceDate "2019.09.30"]
[SourceVersion "1"]
[SourceVersionDate "2019.09.30"]
[SourceQuality "1"]

1. e4 e6 2. d4 d5 3. e5 c5 4. c3 Nc6 5. Nf3 Bd7 6. Be2 Nge7 7. Na3 Ng6 8. Nc2 cxd4 9. cxd4 Be7 10. 0-0 0-0 11. Bd3 f5 12. exf6 Bxf6 13. Bxg6 hxg6 14. Qd3 Be8 15. Re1 Bf7 16. Bf4 g5 17. Bg3 g4 18. Ne5 Nxe5 19. Bxe5 Rc8 20. Rac1 Bxe5 21. Rxe5 Qf6 22. Qe3 Rc6 23. Ne1 Rxc1 24. Qxc1 Bg6 25. Qe3 Be4 26. f3 gxf3 27. gxf3 Bf5 28. Kh1 1/2-1/2

[Event "GER-chT U12"]
[Site "Magdeburg"]
[Date "2018.12.27"]
[Round "1.1"]
[White "Kluehs, Gustaf"]
[Black "Hecker, Linus Maximin"]
[Result "1-0"]
[WhiteElo "1682"]
[BlackElo "1388"]
[PlyCount "107"]
[EventDate "2018.12.27"]
[EventType "team-swiss"]
[EventRounds "7"]
[EventCountry "GER"]
[SourceTitle "CBM 188 Extra"]
[Source "ChessBase"]
[SourceDate "2019.02.26"]
[SourceVersion "1"]
[SourceVersionDate "2019.02.26"]
[SourceQuality "1"]
[WhiteTeam "Lichtenberg Borussia"]
[BlackTeam "Duesseldorf SV"]
[WhiteTeamCountry "GER"]
[BlackTeamCountry "GER"]

1. d4 d5 2. c4 e5 3. dxe5 d4 4. Nf3 Nc6 5. Bg5 Be7 6. h4 h6 7. Bf4 f6 8. Qc2 Be6 9. a3 Qd7 10. Nbd2 0-0-0 11. 0-0-0 fxe5 12. Bxe5 Bf6 13. Bf4 Nge7 14. e4 Ng6 15. Bg3 Be5 16. Nxe5 Ngxe5 17. Bd3 Rhf8 18. f3 Qd6 19. Kb1 Qc5 20. Ka1 Nxd3 21. Qxd3 Na5 22. b4 Bxc4 23. Nxc4 Qxc4 24. bxa5 Qxd3 25. Rxd3 c5 26. Rc1 b6 27. axb6 axb6 28. Be5 Kb7 29. Ka2 Rg8 30. a4 Ra8 31. Kb3 g5 32. h5 Rae8 33. Bh2 g4 34. a5 gxf3 35. gxf3 Ka6 36. axb6 Kxb6 37. Kc4 Ra8 38. Kd5 Rg5+ 39. Ke6 Ra6 40. Bd6 Rxh5 41. Rb3+ Ka7 42. e5 Rg5 43. Rxc5 h5 44. Rc7+ Ka8 45. Rc8+ Ka7 46. Rcb8 Rg7 47. Kd5 Ra5+ 48. Bc5+ Rxc5+ 49. Kxc5 Rg6 50. R8b5 h4 51. Ra3+ Ra6 52. Rxa6+ Kxa6 53. Rb4 d3 54. Rxh4 1-0

[Event "Youth District Germany"]
[Site "Wuerzburg"]
[Date "2018.10.06"]
[Round "6.7"]
[White "Amato, Cristiano"]
[Black "Kluehs, Gustaf"]
[Result "1-0"]
[WhiteElo "1661"]
[BlackElo "1775"]
[PlyCount "39"]
[EventDate "2018.10.02"]
[EventType "team-swiss"]
[EventRounds "7"]
[EventCountry "GER"]
[SourceTitle "CBM 186 Extra"]
[Source "ChessBase"]
[SourceDate "2018.08.24"]
[SourceVersion "1"]
[SourceVersionDate "2018.08.24"]
[SourceQuality "1"]
[WhiteTeam "Baden U20 II"]
[BlackTeam "Berlin U20"]
[WhiteTeamCountry "GER"]
[BlackTeamCountry "GER"]

1. e4 c5 2. Nc3 Nc6 3. Bb5 Nd4 4. Bc4 g6 5. Nge2 Bg7 6. Nxd4 cxd4 7. Qf3 Nh6 8. Ne2 0-0 9. d3 Ng4 10. Bb3 Ne5 11. Qg3 Nc6 12. h4 Be5 13. f4 Bc7 14. h5 e6 15. Qh3 Ba5+ 16. Kd1 Qf6 17. hxg6 Qxg6 18. f5 Qg7 19. Bh6 Qh8 20. Qg4+ 1-0

[Event "Youth District Germany"]
[Site "Wuerzburg"]
[Date "2018.10.04"]
[Round "3.7"]
[White "Kluehs, Gustaf"]
[Black "Weidenhoefer, Max"]
[Result "0-1"]
[WhiteElo "1775"]
[BlackElo "1580"]
[PlyCount "56"]
[EventDate "2018.10.02"]
[EventType "team-swiss"]
[EventRounds "7"]
[EventCountry "GER"]
[SourceTitle "CBM 186 Extra"]
[Source "ChessBase"]
[SourceDate "2018.08.24"]
[SourceVersion "1"]
[SourceVersionDate "2018.08.24"]
[SourceQuality "1"]
[WhiteTeam "Berlin U20"]
[BlackTeam "Niedersachsen/SG Bremen U20"]
[WhiteTeamCountry "GER"]
[BlackTeamCountry "GER"]

1. d4 d5 2. c4 e5 3. dxe5 d4 4. Nf3 Nc6 5. Bg5 Be7 6. h4 Bxg5 7. hxg5 Be6 8. Nbd2 Qd7 9. a3 Nge7 10. g3 Ng6 11. Bg2 0-0-0 12. b4 h6 13. gxh6 Rxh6 14. Rxh6 gxh6 15. b5 Ncxe5 16. Nxe5 Nxe5 17. Qa4 Kb8 18. c5 Bd5 19. Ne4 Qe7 20. f4 Ng4 21. Bh3 Qxe4 22. Bxg4 Qh1+ 23. Kf2 Qg2+ 24. Ke1 Qxg3+ 25. Kd1 Qg1+ 26. Kd2 Qxa1 27. c6 Qc3+ 28. Kd1 Bb3+ 0-1

[Event "JBLN Ost 1819"]
[Site "Germany"]
[Date "2018.09.29"]
[Round "1.5"]
[White "Kluehs, Gustaf"]
[Black "Pysarenko, Kyrill"]
[Result "1-0"]
[WhiteElo "1771"]
[BlackElo "1724"]
[PlyCount "165"]
[EventDate "2018.09.29"]
[EventType "team-tourn"]
[EventRounds "9"]
[EventCountry "GER"]
[SourceTitle "CBM 189 Extra"]
[Source "ChessBase"]
[SourceDate "2019.06.03"]
[SourceVersion "1"]
[SourceVersionDate "2019.06.03"]
[SourceQuality "1"]
[WhiteTeam "Borussia Lichtenberg"]
[BlackTeam "Berlin Empor"]
[WhiteTeamCountry "GER"]
[BlackTeamCountry "GER"]

1. d4 Nf6 2. Nf3 c5 3. c4 g6 4. Nc3 a6 5. dxc5 Qc7 6. Be3 e6 7. Bd4 Be7 8. e3 0-0 9. Be2 Ne8 10. Ne4 f5 11. Be5 Qc6 12. Nc3 Bxc5 13. 0-0 d6 14. Bd4 Bb4 15. a3 Ba5 16. b4 Bd8 17. Na2 e5 18. Bb2 Nd7 19. c5 Bf6 20. cxd6 Qxd6 21. Qb3+ Kh8 22. Rfd1 Qe7 23. Nc3 Nb6 24. Rac1 Be6 25. Qc2 Rc8 26. Nd2 Nc7 27. Qb1 Rfd8 28. Nf1 Ncd5 29. Nxd5 Nxd5 30. Qa1 Bf7 31. Rxc8 Rxc8 32. Bf3 Nb6 33. e4 f4 34. g3 g5 35. Bg4 Rc2 36. Rd2 Rxd2 37. Nxd2 Qd6 38. Nf3 Nc4 39. Ne1 b5 40. Be2 Kg7 41. Bxc4 Bxc4 42. Nf3 Be6 43. Nxg5 Bg4 44. gxf4 Bxg5 45. fxg5 Kg6 46. Bxe5 Qd3 47. Bg3 Kh5 48. h4 Qf3 49. Qf6 Qxf6 50. gxf6 Kg6 51. e5 Be6 52. Kf1 Kf5 53. Ke2 Ke4 54. Kd2 Bc4 55. Kc3 Be6 56. f4 Ba2 57. Kd2 Be6 58. Ke2 Bc4+ 59. Kf2 h5 60. f5 Kxf5 61. Ke3 Be6 62. Kd4 Kg6 63. Kc5 Kf7 64. Kd6 Bf5 65. Kc7 Be4 66. Kb6 Bd5 67. Kxa6 Bc4 68. Kb6 Bd3 69. Kc5 Be2 70. Bf2 Bd3 71. Bd4 Be2 72. a4 bxa4 73. b5 Ke6 74. b6 Bf3 75. Kb5 Bb7 76. Kxa4 Kf7 77. Kb5 Ke6 78. Kc5 Bg2 79. f7 Kxf7 80. Kd6 Bb7 81. Kc7 Bd5 82. b7 Bxb7 83. Kxb7 1-0

[Event "GER-ch U25-B"]
[Site "Willingen"]
[Date "2018.05.24"]
[Round "7"]
[White "Walow, Xenia"]
[Black "Kluehs, Gustaf"]
[Result "1/2-1/2"]
[WhiteElo "1778"]
[BlackElo "1633"]
[PlyCount "48"]
[EventDate "2018.05.19"]
[EventType "swiss"]
[EventRounds "9"]
[EventCountry "GER"]
[SourceTitle "CBM 184 Extra"]
[Source "ChessBase"]
[SourceDate "2018.06.28"]
[SourceVersion "1"]
[SourceVersionDate "2018.06.28"]
[SourceQuality "1"]

1. e4 e6 2. Nf3 d5 3. Nc3 Nf6 4. e5 Nfd7 5. d4 c5 6. dxc5 Nxc5 7. Bf4 a6 8. Bd3 Be7 9. Qe2 Nc6 10. h4 Bd7 11. Ng5 Nxd3+ 12. cxd3 Nd4 13. Qd1 h6 14. Nf3 Nxf3+ 15. Qxf3 Qb6 16. Rb1 Rc8 17. 0-0 0-0 18. Qg4 Kh7 19. Be3 Qb4 20. d4 Bb5 21. Rfd1 Ba4 22. Rdc1 Bb5 23. Rd1 Ba4 24. Rdc1 Bb5 1/2-1/2

[Event "GER-ch U25-B"]
[Site "Willingen"]
[Date "2018.05.23"]
[Round "5"]
[White "Kluehs, Gustaf"]
[Black "Matthes, Benjamin"]
[Result "1/2-1/2"]
[WhiteElo "1633"]
[BlackElo "1751"]
[PlyCount "56"]
[EventDate "2018.05.19"]
[EventType "swiss"]
[EventRounds "9"]
[EventCountry "GER"]
[SourceTitle "CBM 184 Extra"]
[Source "ChessBase"]
[SourceDate "2018.06.28"]
[SourceVersion "1"]
[SourceVersionDate "2018.06.28"]
[SourceQuality "1"]

1. Nf3 d5 2. g3 c5 3. Bg2 e6 4. 0-0 Nf6 5. c4 Nc6 6. cxd5 exd5 7. d4 Be6 8. a3 cxd4 9. Nxd4 Be7 10. Be3 0-0 11. h3 Qd7 12. Kh2 Ne5 13. Nd2 a6 14. N4f3 Nc6 15. Nd4 Rac8 16. Rc1 Ne5 17. N4f3 Rxc1 18. Qxc1 Nxf3+ 19. Nxf3 Rc8 20. Qa1 Ne8 21. Rc1 Nd6 22. Rxc8+ Qxc8 23. Qc1 Qxc1 24. Bxc1 Bf6 25. Nd2 b6 26. e4 d4 27. Bf1 a5 28. f4 Nb7 1/2-1/2